00698nam a22002057a 450000500170000001000140001702000260003102000230005703500130008003700130009308200100010624501690011626000360028527000430032130000280036450000360039270000220042870000160045070000260046620100727163120.0 aENG-96913 a9788125031871c235.00 a8125031871c235.00 aEN-80446 bDBAD/PUB a863.4 aTowards freedom :bcritical essays on Rabindranath Tagore's ghare baire/the home and the world / cedited by Saswati Sengupta, Shampa Roy [and] Sharmila purkayastha aNew DelhibOrient Longmanc2007 a1/24 Asaf Ali Road,bNew Delhie110002 axii, 207p.c22cm, (pbk) aincludes bibliography and index aSengupta, Saswati aRoy, Shampa aPurkayastha, Sharmila